Electrical technology - Vol 1: S.I. system of SI units / (Record no. 4755)

000 -LEADER
fixed length control field 00551nam a22001697a 4500
008 - FIXED-LENGTH DATA ELEMENTS--GENERAL INFORMATION
fixed length control field 200828b ||||| |||| 00| 0 eng d
082 00 - DEWEY DECIMAL CLASSIFICATION NUMBER
Classification number 621.3
Item number T398
100 ## - MAIN ENTRY--PERSONAL NAME
9 (RLIN) 40
Personal name Theraja, B. L.
245 10 - TITLE STATEMENT
Title Electrical technology - Vol 1: S.I. system of SI units /
250 ## - EDITION STATEMENT
Edition statement 21st ed.
260 ## - PUBLICATION, DISTRIBUTION, ETC. (IMPRINT)
Place of publication, distribution, etc New-Delhi:
Name of publisher, distributor, etc Nirja Construction and Developement,
Date of publication, distribution, etc 1994.
300 ## - PHYSICAL DESCRIPTION
Extent x, 592 p.
500 ## - GENERAL NOTE
General note Contains: Basic Electrical Engineering
650 #0 - SUBJECT ADDED ENTRY--TOPICAL TERM
Topical term or geographic name as entry element Electrical Engineering
700 ## - ADDED ENTRY--PERSONAL NAME
9 (RLIN) 1842
Personal name Theraja, A.K.
942 ## - ADDED ENTRY ELEMENTS (KOHA)
Item type Books
Holdings
Withdrawn status Lost status Source of classification or shelving scheme Damaged status Not for loan Permanent location Current location Date acquired Full call number Barcode Date last seen Koha item type
          IMU Kolkata IMU Kolkata 2020-08-28 621.3 T398 08210 2020-08-28 Books
          IMU Kolkata IMU Kolkata 2020-08-28 621.3 T398 08211 2020-08-28 Books
          IMU Kolkata IMU Kolkata 2020-08-28 621.3 T398 08212 2020-08-28 Books
          IMU Kolkata IMU Kolkata 2020-08-28 621.3 T398 08213 2020-08-28 Books
          IMU Kolkata IMU Kolkata 2020-08-28 621.3 T398 08214 2020-08-28 Books
Designed and Maintained by IMU-KC Library, Kolkata Campus © Copyright All Rights Reserved

webs counters

Powered by Koha